UM Logo

Impact evaluation: Anak ng UM a banner project of Education/ (Record no. 2539)

MARC details
000 -LEADER
fixed length control field 00577nam a22001577a 4500
008 - FIXED-LENGTH DATA ELEMENTS--GENERAL INFORMATION
fixed length control field 160517b xxu||||| |||| 00| 0 eng d
082 ## - DEWEY DECIMAL CLASSIFICATION NUMBER
Edition number 2015
Classification number UT 0607
Item number D11
100 ## - MAIN ENTRY--PERSONAL NAME
9 (RLIN) 8390
Personal name Dacumos, Lendie Mae A.
245 ## - TITLE STATEMENT
Title Impact evaluation: Anak ng UM a banner project of Education/
Statement of responsibility, etc. Lendie Mae A. Dacumus, Mhelene G. Herebesis and Joy G. Zamora.
260 ## - PUBLICATION, DISTRIBUTION, ETC. (IMPRINT)
Place of publication, distribution, etc. Digos City:
Name of publisher, distributor, etc. UMDC
Date of publication, distribution, etc. October 2015.
300 ## - PHYSICAL DESCRIPTION
Extent 45 pages;
Dimensions 29 cm
650 #0 - SUBJECT ADDED ENTRY--TOPICAL TERM
9 (RLIN) 8389
Topical term or geographic name as entry element Education
Form subdivision English
General subdivision Undergraduate thesis.
700 ## - ADDED ENTRY--PERSONAL NAME
9 (RLIN) 8387
Personal name Herebesi, Mhelene G.
700 ## - ADDED ENTRY--PERSONAL NAME
9 (RLIN) 8388
Personal name Zamora, Joy G.
942 ## - ADDED ENTRY ELEMENTS (KOHA)
Source of classification or shelving scheme Dewey Decimal Classification
Koha item type Undergraduate Thesis
Holdings
Withdrawn status Lost status Source of classification or shelving scheme Damaged status Not for loan Collection code Home library Current library Date acquired Total Checkouts Full call number Barcode Date last seen Price effective from Koha item type
    Dewey Decimal Classification     Undergraduate Theses UM Digos College - LIC UM Digos College - LIC 05/17/2016   UT 0607 D11 2015 UT0607 05/17/2016 05/17/2016 Undergraduate Thesis